[Event "?"]
[Site "?"]
[Date "????.??.??"]
[Round "?"]
[White "Happel, H."]
[Black "Dahl, I."]
[Result "1-0"]
[WhiteElo "2181"]
[BlackElo "1949"]
[PlyCount "65"]
[EventDate "2010.??.??"]
[WhiteTeam "Kgl SV  Den Haag"]
[BlackTeam "Blindern Oldtimers"]

1. d4 e6 2. c4 Nf6 3. Nc3 Bb4 4. Bg5 h6 5. Bh4 c5 6. d5 e5 7. f3 d6 8. e4 Nbd7
9. Bd3 Nf8 10. Bf2 g5 11. Nge2 Ng6 12. a3 Bxc3+ 13. Nxc3 Bd7 14. Qd2 a6 15. g3
Qc7 16. O-O Bh3 17. Rfe1 Ke7 18. b4 b6 19. Rab1 Bd7 20. Rb2 Ra7 21. Reb1 Rc8
22. Be3 Nh7 23. a4 a5 24. bxc5 bxc5 25. Nb5 Bxb5 26. Rxb5 Kf8 27. Rb6 Qd7 28.
R1b5 Rca8 29. Rxd6 Qxd6 30. Bxc5 Qxc5+ 31. Rxc5 Nf6 32. Rb5 Ne8 33. c5 1-0

[Event "?"]
[Site "?"]
[Date "????.??.??"]
[Round "?"]
[White "Monte, P."]
[Black "Bergersen, P."]
[Result "1/2-1/2"]
[WhiteElo "2102"]
[BlackElo "1490"]
[PlyCount "40"]
[EventDate "2010.??.??"]
[WhiteTeam "Kgl SV  Den Haag"]
[BlackTeam "Blindern Oldtimers"]

1. f4 b6 2. Nf3 e6 3. e3 Bb7 4. b3 Nf6 5. Bb2 Be7 6. Be2 O-O 7. O-O c5 8. Qe1
Nc6 9. Qg3 Nh5 10. Qh3 Bf6 11. Nc3 g6 12. g4 Ng7 13. g5 Be7 14. Ne4 Nd4 15. Bd3
Nxf3+ 16. Rxf3 Bxe4 17. Bxe4 d5 18. Bd3 f6 19. gxf6 Bxf6 20. Bxf6 Qxf6 1/2-1/2

[Event "?"]
[Site "?"]
[Date "????.??.??"]
[Round "?"]
[White "Bußler, J."]
[Black "Laitinen, M."]
[Result "1-0"]
[WhiteElo "2045"]
[BlackElo "1843"]
[PlyCount "91"]
[EventDate "2010.??.??"]
[WhiteTeam "Dresdner Springer"]
[BlackTeam "Stadi"]

1. c4 Nf6 2. g3 g6 3. Bg2 Bg7 4. Nc3 O-O 5. Nf3 d6 6. O-O e5 7. d4 Nbd7 8. Qc2
Re8 9. Rd1 c6 10. Bg5 h6 11. Bxf6 Bxf6 12. Qd2 Bg7 13. dxe5 dxe5 14. Ne4 Qc7
15. Qd6 Qxd6 16. Nxd6 Re7 17. Bh3 f5 18. Nh4 Kh7 19. Nxc8 Rxc8 20. Nxf5 gxf5
21. Bxf5+ Kg8 22. Bxd7 Rc7 23. Bf5 e4 24. Rab1 Be5 25. b3 Kg7 26. Rd8 Bf6 27.
e3 Re5 28. Rd7+ Rxd7 29. Bxd7 Be7 30. Rd1 Kf6 31. Kf1 Bb4 32. Ke2 a5 33. Bc8 b5
34. Ba6 a4 35. cxb5 cxb5 36. bxa4 bxa4 37. Rd4 Ra5 38. Rxb4 Rxa6 39. Rxe4 a3
40. Rb4 Rc6 41. Kd2 Rd6+ 42. Kc2 Rc6+ 43. Kb3 Rc1 44. Kxa3 Rh1 45. h4 Rf1 46.
Rf4+ 1-0

[Event "?"]
[Site "?"]
[Date "????.??.??"]
[Round "?"]
[White "Hall, R."]
[Black "Mückan, F."]
[Result "0-1"]
[WhiteElo "1840"]
[BlackElo "2059"]
[PlyCount "106"]
[EventDate "2010.??.??"]
[WhiteTeam "Stadi"]
[BlackTeam "Dresdner Springer"]

1. d4 e6 2. Nf3 d5 3. Bf4 c5 4. c3 cxd4 5. cxd4 Nc6 6. Nc3 a6 7. e3 Nf6 8. Rc1
Bd6 9. Ne5 Bxe5 10. Bxe5 Nxe5 11. dxe5 Nd7 12. Qd4 O-O 13. Bd3 Qg5 14. O-O Qxe5
15. Qb4 b5 16. a4 bxa4 17. Nxa4 a5 18. Qd2 Ba6 19. Bxa6 Rxa6 20. Nc5 Nxc5 21.
Rxc5 Rb6 22. Qxa5 Qxb2 23. Rc7 Rb7 24. h3 Rxc7 25. Qxc7 Qb8 26. Qa5 h6 27. Rc1
Rc8 28. Rxc8+ Qxc8 29. Qb5 Qc1+ 30. Kh2 Qc7+ 31. g3 Qd8 32. Qb2 Qf6 33. Qb8+
Kh7 34. Kg2 Qf5 35. Qb7 Qe4+ 36. Kg1 Qf3 37. Qe7 Qf5 38. Kg2 f6 39. Qd7 Qe4+
40. Kg1 e5 41. Qb7 Qd3 42. Qc6 d4 43. exd4 exd4 44. g4 Qg6 45. Qd7 d3 46. f4
Qe4 47. g5 Qe1+ 48. Kh2 Qf2+ 49. Kh1 Qf1+ 50. Kh2 Qxf4+ 51. Kh1 Qf3+ 52. Kh2
hxg5 53. Qa4 Qf4+ 0-1

[Event "?"]
[Site "?"]
[Date "????.??.??"]
[Round "?"]
[White "Bec, D."]
[Black "Stähle, S."]
[Result "1-0"]
[WhiteElo "2035"]
[BlackElo "1678"]
[PlyCount "93"]
[EventDate "2010.??.??"]
[WhiteTeam "Dresdner Springer"]
[BlackTeam "Stadi"]

1. d4 Nf6 2. c4 g6 3. Nc3 Bg7 4. e4 d6 5. Be2 O-O 6. Bg5 Na6 7. Nf3 h6 8. Bd2
c6 9. O-O Bg4 10. Be3 Bxf3 11. Bxf3 Nc7 12. d5 c5 13. Bf4 Nd7 14. Qd2 Kh7 15.
Be2 Ne5 16. h3 Qd7 17. Bh2 f5 18. f4 Nf7 19. exf5 gxf5 20. Bd3 Kh8 21. Rae1
Rae8 22. Nd1 b5 23. Ne3 Bd4 24. Kh1 bxc4 25. Bxc4 Qa4 26. b3 Qb4 27. Qxb4 cxb4
28. Nxf5 Bc3 29. Re2 Nd8 30. Nxe7 Kg7 31. Bg3 Rf7 32. Bh4 Nb7 33. g4 Nc5 34.
Nf5+ Rxf5 35. Rxe8 Nxe8 36. gxf5 Nf6 37. Rg1+ Kf7 38. Bxf6 Kxf6 39. Rg6+ Kxf5
40. Rxd6 Kxf4 41. Rxh6 Ne4 42. d6 Kg3 43. Rg6+ Kf2 44. Rg2+ Ke3 45. d7 Bf6 46.
Rg8 Nf2+ 47. Kg2 1-0

[Event "?"]
[Site "?"]
[Date "????.??.??"]
[Round "?"]
[White "Taksrud, V."]
[Black "Perman, T."]
[Result "0-1"]
[WhiteElo "2109"]
[BlackElo "2055"]
[PlyCount "64"]
[EventDate "2010.??.??"]
[WhiteTeam "Norwegen 2"]
[BlackTeam "Botnia"]

1. d4 Nf6 2. c4 e6 3. Nf3 d5 4. Nc3 Be7 5. g3 O-O 6. Bg2 c5 7. cxd5 exd5 8. O-O
Nc6 9. dxc5 Bxc5 10. Bg5 d4 11. Bxf6 Qxf6 12. Ne4 Qe7 13. Qc2 Bb6 14. Rac1 Re8
15. Neg5 g6 16. Qd2 Bd7 17. Qf4 Rad8 18. b4 f6 19. b5 fxg5 20. Nxg5 Ne5 21.
Bd5+ Kg7 22. Bb3 h6 23. Ne4 Bxb5 24. Qd2 Bc6 25. f3 d3+ 26. Kg2 Bxe4 27. fxe4
dxe2 28. Qxe2 Qg5 29. Rcd1 Rxd1 30. Rxd1 Rd8 31. Rd5 Rf8 32. Qb2 Rf2+ 0-1

[Event "?"]
[Site "?"]
[Date "????.??.??"]
[Round "?"]
[White "Lahti, J."]
[Black "Steedman, J."]
[Result "0-1"]
[WhiteElo "2020"]
[BlackElo "2141"]
[PlyCount "84"]
[EventDate "2010.??.??"]
[WhiteTeam "Botnia"]
[BlackTeam "Norwegen 2"]

1. d4 Nf6 2. c4 e6 3. Nc3 Bb4 4. e3 b6 5. Bd3 Bb7 6. f3 c5 7. Nge2 O-O 8. O-O
cxd4 9. exd4 d5 10. Bg5 Be7 11. cxd5 Nxd5 12. Bxe7 Qxe7 13. Qd2 Nd7 14. Rad1
N7f6 15. Rfe1 Rfd8 16. Bb1 Rac8 17. Ng3 Qc7 18. Nce4 Qf4 19. Nxf6+ gxf6 20. Qf2
f5 21. Kh1 Nf6 22. Ne2 Qg5 23. Nc3 Rd7 24. Re5 Rcd8 25. d5 Bxd5 26. Nxd5 Rxd5
27. Rexd5 Rxd5 28. Rxd5 Nxd5 29. Qg3 h6 30. Qxg5+ hxg5 31. Kg1 Kg7 32. Kf2 Kf6
33. g3 Ke5 34. Ke2 f4 35. Kd3 Ne3 36. Ke2 Nf5 37. Kf2 fxg3+ 38. hxg3 Kd4 39. g4
Ne3 40. Ke2 Nc4 41. b3 Ne3 42. Kd2 f5 0-1

[Event "?"]
[Site "?"]
[Date "????.??.??"]
[Round "?"]
[White "Strand, O."]
[Black "Rantanen, V."]
[Result "1/2-1/2"]
[WhiteElo "1965"]
[BlackElo "2004"]
[PlyCount "26"]
[EventDate "2010.??.??"]
[WhiteTeam "Norwegen 2"]
[BlackTeam "Botnia"]

1. d4 Nf6 2. e3 g6 3. Bd3 Bg7 4. Nd2 d5 5. Qe2 Nc6 6. c3 e5 7. dxe5 Nxe5 8. Bc2
O-O 9. Ngf3 Nxf3+ 10. Nxf3 Re8 11. O-O c6 12. Bd2 Ne4 13. Rad1 Qc7 1/2-1/2

[Event "?"]
[Site "?"]
[Date "????.??.??"]
[Round "?"]
[White "Runonen, R."]
[Black "Birkestrand, O."]
[Result "0-1"]
[WhiteElo "1782"]
[BlackElo "1915"]
[PlyCount "70"]
[EventDate "2010.??.??"]
[WhiteTeam "Botnia"]
[BlackTeam "Norwegen 2"]

1. e4 e5 2. Nf3 Nc6 3. Bc4 Nf6 4. d3 Be7 5. Nc3 d6 6. O-O O-O 7. h3 Na5 8. Bb3
Bd7 9. Nh2 Nxb3 10. axb3 Bc6 11. f4 a6 12. Ng4 exf4 13. Bxf4 Qd7 14. Nxf6+ Bxf6
15. Be3 Qe6 16. Qf3 Rfe8 17. Rae1 Bxc3 18. bxc3 d5 19. Bd4 dxe4 20. dxe4 Qg6
21. Qf4 Rxe4 22. Rxe4 Bxe4 23. Rf2 Rc8 24. Qe5 f5 25. g3 c6 26. Kh2 Re8 27. Qc7
b5 28. Qb6 h5 29. Qc7 Bd5 30. Qf4 Re1 31. Rf1 Qe6 32. Rxe1 Qxe1 33. Bg1 Qe2+
34. Qf2 Qe4 35. g4 h4 0-1

[Event "?"]
[Site "?"]
[Date "????.??.??"]
[Round "?"]
[White "Pamperin, G."]
[Black "Svensson, S."]
[Result "0-1"]
[WhiteElo "2007"]
[BlackElo "2004"]
[PlyCount "126"]
[EventDate "2010.??.??"]
[WhiteTeam "Mecklenburg-Vorp 2"]
[BlackTeam "Schweden 4"]

1. d4 d5 2. c4 c6 3. e3 Nf6 4. Nc3 e6 5. Nf3 Nbd7 6. cxd5 exd5 7. Bd3 Bd6 8.
O-O O-O 9. b3 Re8 10. Bb2 Ne4 11. Rc1 Ndf6 12. h3 Nxc3 13. Bxc3 Ne4 14. Bb2 Qf6
15. Ne5 Qh6 16. f4 f6 17. Bxe4 dxe4 18. Ng4 Qh4 19. Qe1 Qh5 20. Qd1 Qa5 21. Qc2
Bd7 22. Bc3 Qh5 23. Qd1 Qf7 24. Bb2 Be6 25. Nf2 Bd5 26. Qg4 a5 27. Nd1 a4 28.
bxa4 Bxa2 29. Nc3 Bc4 30. Rf2 f5 31. Qg5 Re6 32. Rd2 Rg6 33. Qh4 Bb4 34. Ra1
Bb3 35. a5 Rh6 36. Qg5 Rg6 37. Qh4 Qc7 38. Qh5 Rxa5 39. d5 Rxa1+ 40. Bxa1 cxd5
41. Qxf5 Bxc3 42. Rxd5 Rf6 43. Qh5 Bxd5 44. Qxd5+ Rf7 45. Bxc3 Qxc3 46. Qxe4
Qc6 47. Qe5 Kf8 48. g4 Qe8 49. Qd4 Rd7 50. Qc3 Qd8 51. Kf2 Rd2+ 52. Kg3 Rd3 53.
Qe5 h6 54. h4 Kg8 55. Qe6+ Kh8 56. g5 Qd7 57. Qe5 h5 58. f5 Qd6 59. Qxd6 Rxd6
60. e4 b5 61. e5 Rd4 62. Kf3 Kg8 63. e6 Kf8 0-1

[Event "?"]
[Site "?"]
[Date "????.??.??"]
[Round "?"]
[White "Nordenström, S."]
[Black "Oldach, E."]
[Result "0-1"]
[WhiteElo "1961"]
[BlackElo "2070"]
[PlyCount "97"]
[EventDate "2010.??.??"]
[WhiteTeam "Schweden 4"]
[BlackTeam "Mecklenburg-Vorp 2"]

1. Nf3 Nf6 2. g3 d6 3. Bg2 e5 4. d3 Be7 5. c4 Nc6 6. Nc3 O-O 7. O-O Bd7 8. e4
Qc8 9. Bg5 Bg4 10. Qd2 h6 11. Bxf6 Bxf6 12. Nd5 Bd8 13. Ne1 Nd4 14. f3 Bh5 15.
Nc2 Bg5 16. Nxd4 Bxd2 17. Ne7+ Kh8 18. Nxc8 Be3+ 19. Kh1 Bxd4 20. Ne7 c6 21.
Nf5 Bc5 22. a3 a5 23. b3 Kh7 24. g4 Bg6 25. Ng3 Rfb8 26. a4 b5 27. Rfd1 bxc4
28. bxc4 Rb2 29. Nf1 Rab8 30. Nd2 Rc2 31. Rac1 Ra2 32. Ra1 Rbb2 33. Rxa2 Rxa2
34. Nb3 Bb4 35. d4 Rxa4 36. d5 cxd5 37. cxd5 Ra3 38. Rb1 f6 39. Bf1 Be8 40. Be2
Ba4 41. Bd1 Kg6 42. Kg2 Kg5 43. Kf2 Kf4 44. h4 Ra2+ 45. Be2 Bxb3 46. Rxb3 Bc5+
47. Ke1 a4 48. Rb7 Ke3 49. h5 0-1

[Event "?"]
[Site "?"]
[Date "????.??.??"]
[Round "?"]
[White "Kühn, P."]
[Black "Nystrom, R."]
[Result "1-0"]
[WhiteElo "2019"]
[BlackElo "1980"]
[PlyCount "89"]
[EventDate "2010.??.??"]
[WhiteTeam "Mecklenburg-Vorp 2"]
[BlackTeam "Schweden 4"]

1. e4 e6 2. d4 d5 3. Nd2 Nf6 4. e5 Nfd7 5. Bd3 c5 6. c3 Nc6 7. Ne2 Qb6 8. Nf3
cxd4 9. cxd4 f6 10. exf6 Nxf6 11. O-O Bd6 12. Nf4 O-O 13. Re1 Bd7 14. Nxe6 Rfe8
15. Bf5 Bb4 16. Re2 Ne7 17. Bh3 Ne4 18. Neg5 Bxh3 19. Nxh3 Rf8 20. Nfg5 Nf6 21.
Ne6 Rfe8 22. Bf4 Ng6 23. Bc7 Qa6 24. Nef4 Ne4 25. Qb3 Nxf4 26. Nxf4 Qc4 27.
Nxd5 Qxb3 28. axb3 Bf8 29. f3 Nd6 30. Rxe8 Nxe8 31. Be5 a6 32. Rc1 Rd8 33. Nf4
Bb4 34. Nd3 Bd6 35. Nc5 Bxe5 36. dxe5 Rd2 37. Nxb7 Rxb2 38. Rc8 Kf7 39. Rc3 Ke6
40. f4 g6 41. Nc5+ Kf5 42. Rc4 Nc7 43. h3 g5 44. g4+ Kg6 45. f5+ 1-0

[Event "?"]
[Site "?"]
[Date "????.??.??"]
[Round "?"]
[White "Gummesson, I."]
[Black "Segebarth, B."]
[Result "1/2-1/2"]
[WhiteElo "1863"]
[BlackElo "1930"]
[PlyCount "31"]
[EventDate "2010.??.??"]
[WhiteTeam "Schweden 4"]
[BlackTeam "Mecklenburg-Vorp 2"]

1. d4 e6 2. e3 Nf6 3. Bd3 Be7 4. Nd2 O-O 5. Ne2 b6 6. f4 Bb7 7. Nf3 Be4 8. O-O
d5 9. Ng3 Bxd3 10. Qxd3 Nbd7 11. Bd2 c5 12. c3 c4 13. Qc2 b5 14. f5 Bd6 15.
fxe6 fxe6 16. Be1 1/2-1/2

[Event "?"]
[Site "?"]
[Date "????.??.??"]
[Round "?"]
[White "Schutze, H."]
[Black "Walther, D."]
[Result "1/2-1/2"]
[WhiteElo "2086"]
[BlackElo "2154"]
[PlyCount "27"]
[EventDate "2010.??.??"]
[WhiteTeam "Dänemark 2"]
[BlackTeam "Rheno Palatinat"]

1. Nf3 c5 2. c4 Nc6 3. Nc3 g6 4. g3 Bg7 5. Bg2 d6 6. O-O e5 7. d3 h6 8. a3 Nge7
9. Bd2 O-O 10. Ne1 Rb8 11. Nc2 Nd4 12. Nxd4 exd4 13. Nd5 Nxd5 14. Bxd5 1/2-1/2

[Event "?"]
[Site "?"]
[Date "????.??.??"]
[Round "?"]
[White "Dürrfeld, P."]
[Black "Schwertel, J."]
[Result "1/2-1/2"]
[WhiteElo "1946"]
[BlackElo "1990"]
[PlyCount "32"]
[EventDate "2010.??.??"]
[WhiteTeam "Dänemark 2"]
[BlackTeam "Rheno Palatinat"]

1. e4 d6 2. d4 g6 3. c4 Bg7 4. Nf3 Nf6 5. Nc3 O-O 6. Be2 c6 7. O-O Qc7 8. h3 e5
9. Be3 exd4 10. Nxd4 Nbd7 11. Qd2 Re8 12. f3 Nh5 13. Rfd1 Ng3 14. Qe1 Nxe2+ 15.
Qxe2 a6 16. Rac1 Nc5 1/2-1/2

[Event "?"]
[Site "?"]
[Date "????.??.??"]
[Round "?"]
[White "Jäger, E."]
[Black "Poulsen, H."]
[Result "1/2-1/2"]
[WhiteElo "1996"]
[BlackElo "1891"]
[PlyCount "30"]
[EventDate "2010.??.??"]
[WhiteTeam "Rheno Palatinat"]
[BlackTeam "Dänemark 2"]

1. d4 e6 2. c4 Bb4+ 3. Bd2 Qe7 4. a3 Bxd2+ 5. Nxd2 b6 6. Ngf3 Bb7 7. e3 Nf6 8.
Be2 O-O 9. O-O d6 10. Rc1 Nbd7 11. b4 c5 12. Qb3 Ne4 13. Nxe4 Bxe4 14. Nd2 Bb7
15. f4 Nf6 1/2-1/2

[Event "?"]
[Site "?"]
[Date "????.??.??"]
[Round "?"]
[White "Mostertman, L."]
[Black "Ofstad, P."]
[Result "1-0"]
[WhiteElo "2077"]
[BlackElo "2187"]
[PlyCount "131"]
[EventDate "2010.??.??"]
[WhiteTeam "Oranjeteam 2"]
[BlackTeam "Norwegen Ost"]

1. e4 e5 2. Nf3 Nc6 3. Bb5 a6 4. Ba4 Nf6 5. Qe2 b5 6. Bb3 Be7 7. a4 b4 8. a5
O-O 9. d3 Bb7 10. Nbd2 d5 11. Nf1 dxe4 12. dxe4 Nd4 13. Nxd4 Qxd4 14. f3 Nh5
15. Qf2 Qd7 16. h4 Rad8 17. Be3 Kh8 18. Nd2 Nf4 19. O-O-O Qb5 20. Nc4 Ne6 21.
g4 Bc5 22. Bxc5 Nxc5 23. g5 Bc8 24. Kb1 Be6 25. Qe2 Nxb3 26. cxb3 Bxc4 27. Qxc4
Qxc4 28. bxc4 h6 29. Rd5 Rxd5 30. cxd5 f5 31. g6 fxe4 32. fxe4 h5 33. Rc1 Rf6
34. Rxc7 Rxg6 35. Kc2 Kg8 36. Re7 Rg2+ 37. Kb3 g5 38. Rxe5 gxh4 39. Rxh5 Rg4
40. e5 Rd4 41. d6 Kg7 42. d7 Rxd7 43. Rxh4 Rd5 44. Ka4 b3 45. Rb4 Rxe5 46. Rxb3
Kf7 47. Rb7+ Ke8 48. Rb6 Kd7 49. Rxa6 Kc7 50. Rh6 Kb7 51. b4 Rg5 52. Rh7+ Ka8
53. a6 Kb8 54. b5 Rg6 55. Ka5 Rg5 56. Rb7+ Ka8 57. Rc7 Kb8 58. Rc6 Ka7 59. Rd6
Rh5 60. Rd7+ Kb8 61. Kb6 Rh6+ 62. Kc5 Rh5+ 63. Kc6 Rh6+ 64. Rd6 Rh8 65. b6 Rg8
66. Re6 1-0

[Event "?"]
[Site "?"]
[Date "????.??.??"]
[Round "?"]
[White "Westerman, H."]
[Black "Jenkins, T."]
[Result "1/2-1/2"]
[WhiteElo "1909"]
[BlackElo "1969"]
[PlyCount "36"]
[EventDate "2010.??.??"]
[WhiteTeam "Oranjeteam 2"]
[BlackTeam "Norwegen Ost"]

1. c4 Nf6 2. g3 e6 3. Nf3 d5 4. b3 c5 5. Bg2 Nc6 6. O-O Be7 7. Bb2 O-O 8. e3
Ne4 9. d3 Bf6 10. Qc1 Bxb2 11. Qxb2 Qf6 12. Qxf6 Nxf6 13. Nc3 Rb8 14. cxd5 exd5
15. d4 cxd4 16. Nxd4 Nxd4 17. exd4 Be6 18. Rac1 b5 1/2-1/2

[Event "?"]
[Site "?"]
[Date "????.??.??"]
[Round "?"]
[White "Nilsen, K."]
[Black "Mascini, J."]
[Result "1/2-1/2"]
[WhiteElo "1864"]
[BlackElo "1894"]
[PlyCount "39"]
[EventDate "2010.??.??"]
[WhiteTeam "Norwegen Ost"]
[BlackTeam "Oranjeteam 2"]

1. e4 c5 2. Nf3 Nc6 3. d4 cxd4 4. Nxd4 g6 5. Nc3 Bg7 6. Be3 Nf6 7. Be2 O-O 8.
O-O d5 9. exd5 Nxd5 10. Nxd5 Nxd4 11. Bxd4 Qxd5 12. Bxg7 Qxd1 13. Raxd1 Kxg7
14. Rd2 Bf5 15. Rfd1 Rac8 16. c3 Rc7 17. Bd3 Be6 18. a3 Bb3 19. Bc2 Bc4 20. Bd3
1/2-1/2

[Event "?"]
[Site "?"]
[Date "????.??.??"]
[Round "?"]
[White "Ingvason, S."]
[Black "Kivipelto, K."]
[Result "0-1"]
[WhiteElo "2048"]
[BlackElo "2185"]
[PlyCount "78"]
[EventDate "2010.??.??"]
[WhiteTeam "Schweden 3"]
[BlackTeam "Helsinki"]

1. Nf3 Nf6 2. g3 g6 3. Bg2 Bg7 4. O-O O-O 5. c4 d6 6. Nc3 Nc6 7. d4 Bf5 8. Re1
Ne4 9. a3 Nxc3 10. bxc3 Be4 11. Nh4 Bxg2 12. Nxg2 e5 13. Be3 Na5 14. Qa4 b6 15.
Red1 Qe8 16. Qxe8 Rfxe8 17. c5 exd4 18. cxd4 dxc5 19. Rac1 Nb3 20. Rc2 cxd4 21.
Bf4 c5 22. Ne1 Rac8 23. Kf1 c4 24. h4 h5 25. Nf3 b5 26. Bd6 Rc6 27. Bf4 a5 28.
Rb1 a4 29. Rd1 c3 30. e3 dxe3 31. Bxe3 Bf8 32. Rd7 Bxa3 33. Ng5 Be7 34. Ne4 b4
35. Ra2 Nc5 36. Rxe7 Rxe7 37. Nf6+ Rxf6 38. Bxc5 Rb7 39. Re2 Re6 0-1

[Event "?"]
[Site "?"]
[Date "????.??.??"]
[Round "?"]
[White "Gustavsson, S."]
[Black "Kangas, M."]
[Result "0-1"]
[WhiteElo "2029"]
[BlackElo "1935"]
[PlyCount "44"]
[EventDate "2010.??.??"]
[WhiteTeam "Schweden 3"]
[BlackTeam "Helsinki"]

1. d4 Nf6 2. Nf3 g6 3. Nc3 Bg7 4. e4 d6 5. Be3 O-O 6. Qd2 c6 7. Bd3 b5 8. a4 b4
9. Ne2 a5 10. h3 Nbd7 11. Bh6 c5 12. Bxg7 Kxg7 13. c3 cxd4 14. cxd4 d5 15. e5
Ne4 16. Bxe4 dxe4 17. Ng5 Ba6 18. Nxe4 Qb6 19. Rc1 Rad8 20. f4 f6 21. Nc5 Nxc5
22. Rxc5 Qxc5 0-1

[Event "?"]
[Site "?"]
[Date "????.??.??"]
[Round "?"]
[White "Saharinen, P."]
[Black "Ohrn, S."]
[Result "1/2-1/2"]
[WhiteElo "1857"]
[BlackElo "1991"]
[PlyCount "87"]
[EventDate "2010.??.??"]
[WhiteTeam "Helsinki"]
[BlackTeam "Schweden 3"]

1. d4 Nf6 2. c4 e6 3. Nc3 d5 4. Bg5 Be7 5. e3 O-O 6. Nf3 h6 7. Bh4 Ne4 8. Bxe7
Qxe7 9. Nxe4 dxe4 10. Ne5 b6 11. Be2 Bb7 12. O-O Nd7 13. Nxd7 Qxd7 14. b4 Qe7
15. Qb3 Rfd8 16. Rfd1 e5 17. d5 c6 18. b5 cxd5 19. cxd5 Qd6 20. Bc4 Rac8 21.
Qa4 Qc5 22. Bb3 Bxd5 23. Rxd5 Rxd5 24. Bxd5 Qxd5 25. Rd1 Qb7 26. h3 Kh8 27. Qb3
Qe7 28. a4 Rc5 29. Qb4 f5 30. Kh2 Kh7 31. g4 g6 32. gxf5 gxf5 33. Rg1 Qe6 34.
Qd2 Rc8 35. Rd1 Rc7 36. Qd8 Qf7 37. Rd6 Re7 38. Rc6 Qg7 39. Qc8 Qf7 40. Rd6 Kg7
41. Qc6 Qh5 42. Rf6 Kh7 43. Qd6 Rf7 44. Rxf7+ 1/2-1/2

[Event "?"]
[Site "?"]
[Date "????.??.??"]
[Round "?"]
[White "Hollstein, J."]
[Black "Niebuhr, G."]
[Result "1/2-1/2"]
[WhiteElo "2020"]
[BlackElo "2079"]
[PlyCount "24"]
[EventDate "2010.??.??"]
[WhiteTeam "Stiftg BSW/DBAG 2"]
[BlackTeam "FB Niedersachsen"]

1. d4 Nf6 2. Nf3 g6 3. c4 Bg7 4. Bf4 O-O 5. Nc3 d5 6. e3 c5 7. dxc5 Ne4 8. Be5
Nxc3 9. Bxc3 Bxc3+ 10. bxc3 Qa5 11. Qb3 dxc4 12. Bxc4 Nc6 1/2-1/2

[Event "?"]
[Site "?"]
[Date "????.??.??"]
[Round "?"]
[White "Hellwege, W."]
[Black "Koksch, G."]
[Result "1/2-1/2"]
[WhiteElo "2000"]
[BlackElo "2104"]
[PlyCount "54"]
[EventDate "2010.??.??"]
[WhiteTeam "FB Niedersachsen"]
[BlackTeam "Stiftg BSW/DBAG 2"]

1. d4 e6 2. Nf3 f5 3. c3 Nf6 4. Bg5 Be7 5. Bxf6 Bxf6 6. Nbd2 d5 7. e3 O-O 8.
Bd3 Bd7 9. Qc2 Be8 10. c4 c6 11. cxd5 cxd5 12. Rc1 Nc6 13. a3 Bh5 14. O-O Qe7
15. Ne1 g5 16. b4 a6 17. Nb3 Rac8 18. Qb1 Na7 19. Nc5 Nb5 20. a4 Nd6 21. Kh1
Ne4 22. Bxe4 fxe4 23. f3 exf3 24. Nxf3 g4 25. Ng1 Bg5 26. Qd3 Bg6 27. Qe2 h5
1/2-1/2

[Event "?"]
[Site "?"]
[Date "????.??.??"]
[Round "?"]
[White "Neubert, G."]
[Black "Jürgens, P."]
[Result "1/2-1/2"]
[WhiteElo "1997"]
[BlackElo "2014"]
[PlyCount "28"]
[EventDate "2010.??.??"]
[WhiteTeam "Stiftg BSW/DBAG 2"]
[BlackTeam "FB Niedersachsen"]

1. Nf3 Nf6 2. d4 d5 3. e3 e6 4. c4 Be7 5. Nc3 O-O 6. Bd3 Nbd7 7. O-O dxc4 8.
Bxc4 c5 9. Qe2 a6 10. a4 b6 11. Rd1 Qc7 12. dxc5 Bxc5 13. Rb1 Bb7 14. b4 Bd6
1/2-1/2

[Event "?"]
[Site "?"]
[Date "????.??.??"]
[Round "?"]
[White "Wilson, P."]
[Black "Villing, D."]
[Result "0-1"]
[WhiteElo "1995"]
[BlackElo "2209"]
[PlyCount "56"]
[EventDate "2010.??.??"]
[WhiteTeam "England 2"]
[BlackTeam "Stiftg BSW/DBAG 3"]

1. f4 d6 2. Nf3 g6 3. e3 Bg7 4. d4 Bg4 5. h3 Bxf3 6. Qxf3 c6 7. Bc4 Nf6 8. O-O
Nbd7 9. g4 b5 10. Bb3 d5 11. Nd2 Qb6 12. c3 e6 13. Bc2 O-O 14. Nb1 c5 15. Bd2
Rac8 16. Be1 a5 17. Bf2 b4 18. cxb4 cxd4 19. Bb3 Qxb4 20. exd4 a4 21. Be1 Qb6
22. Bd1 Qxd4+ 23. Qf2 Ne4 24. Qxd4 Bxd4+ 25. Kg2 Bxb2 26. Bxa4 Ndc5 27. Bb5
Bxa1 28. Na3 Bc3 0-1

[Event "?"]
[Site "?"]
[Date "????.??.??"]
[Round "?"]
[White "Seyffer, G."]
[Black "Pemberton, C."]
[Result "1-0"]
[WhiteElo "2048"]
[BlackElo "1897"]
[PlyCount "26"]
[EventDate "2010.??.??"]
[WhiteTeam "Stiftg BSW/DBAG 3"]
[BlackTeam "England 2"]

1. d4 Nf6 2. Nf3 e6 3. Bg5 Be7 4. e3 Ne4 5. Bxe7 Qxe7 6. c3 b6 7. Bd3 Bb7 8.
O-O O-O 9. Qc2 f5 10. a4 c5 11. a5 bxa5 12. Rxa5 Nc6 13. Ra3 d5 1-0

[Event "?"]
[Site "?"]
[Date "????.??.??"]
[Round "?"]
[White "Wood, P."]
[Black "Nettesheim, K."]
[Result "1/2-1/2"]
[WhiteElo "1904"]
[BlackElo "1920"]
[PlyCount "128"]
[EventDate "2010.??.??"]
[WhiteTeam "England 2"]
[BlackTeam "Stiftg BSW/DBAG 3"]

1. Nf3 Nf6 2. c4 d6 3. d4 Nbd7 4. Nc3 e5 5. dxe5 dxe5 6. e4 c6 7. Qc2 Qc7 8.
Be2 Be7 9. O-O O-O 10. h3 Re8 11. Be3 Bc5 12. Bg5 Bd4 13. Nd1 Bc5 14. Ne3 h6
15. Bh4 Bxe3 16. fxe3 Qb6 17. Bf2 Nc5 18. Bd3 Nxd3 19. Qxd3 Nd7 20. Qc3 f6 21.
b4 a5 22. a3 c5 23. b5 Nf8 24. Rad1 Be6 25. Rd3 Red8 26. Rfd1 Kf7 27. a4 Qc7
28. Be1 b6 29. Qd2 Ke7 30. Rxd8 Rxd8 31. Qxd8+ Qxd8 32. Rxd8 Kxd8 33. Nd2 Ng6
34. Kf1 Ne7 35. Ke2 Nc8 36. Kd3 Nd6 37. Bg3 Ke7 38. Bh4 Kf7 39. Bg3 g5 40. Bh2
Kg6 41. Bg1 g4 42. hxg4 Kg5 43. Bf2 Kxg4 44. Be1 Bf7 45. Bf2 Bg6 46. Be1 h5 47.
Bf2 f5 48. exf5 e4+ 49. Kc3 Bxf5 50. Be1 Bc8 51. Bf2 Bb7 52. Be1 Nf5 53. Nf1 h4
54. Nh2+ Kg5 55. Nf1 Bc8 56. Bf2 Be6 57. Nd2 Nd6 58. Be1 Bg4 59. Kc2 Be2 60.
Kb3 Bd3 61. Bf2 Kg4 62. Be1 Nf5 63. Bf2 Ng3 64. Be1 Nf5 1/2-1/2

[Event "?"]
[Site "?"]
[Date "????.??.??"]
[Round "?"]
[White "Mai, H."]
[Black "Scowen, R."]
[Result "1-0"]
[WhiteElo "1933"]
[BlackElo "1990"]
[PlyCount "77"]
[EventDate "2010.??.??"]
[WhiteTeam "Stiftg BSW/DBAG 3"]
[BlackTeam "England 2"]

1. d4 Nf6 2. Nf3 e6 3. Bf4 b6 4. e3 Bb7 5. Bd3 Be7 6. Nbd2 O-O 7. O-O Nh5 8.
Qe2 Nxf4 9. exf4 c5 10. c3 Nc6 11. Rac1 f5 12. Ne5 cxd4 13. Nxc6 Bxc6 14. cxd4
Bd6 15. g3 Rf6 16. Nc4 Bxf4 17. Rc2 Rh6 18. Ne5 Bd5 19. Bc4 Be4 20. Bd3 Bxe5
21. Bxe4 Bxg3 22. fxg3 fxe4 23. Qxe4 Rf6 24. Rfc1 Rf8 25. d5 Qe7 26. Qe5 Rf5
27. Qe4 Rxd5 28. Rc8+ Rxc8 29. Rxc8+ Kf7 30. Qxh7 Qf6 31. Qg8+ Kg6 32. Rf8 Rd1+
33. Kg2 Qxb2+ 34. Kh3 Qd4 35. Qf7+ Kg5 36. Qe7+ Kh5 37. Rf4 Qa1 38. Qf7+ g6 39.
Qh7+ 1-0

[Event "?"]
[Site "?"]
[Date "????.??.??"]
[Round "?"]
[White "Perk, E."]
[Black "Palmo, P."]
[Result "1/2-1/2"]
[WhiteElo "2051"]
[BlackElo "2080"]
[PlyCount "59"]
[EventDate "2010.??.??"]
[WhiteTeam "Widukind 2"]
[BlackTeam "Turku"]

1. d4 Nf6 2. c4 e6 3. Nf3 b6 4. e3 Bb7 5. Be2 Bb4+ 6. Nbd2 Ne4 7. O-O O-O 8.
Nxe4 Bxe4 9. Nd2 Bb7 10. Qb3 Qe7 11. a3 Bxd2 12. Bxd2 d6 13. Qc2 Nd7 14. Bd3 h6
15. b4 c5 16. bxc5 dxc5 17. Bc3 Rfc8 18. Qb2 Rab8 19. Rfc1 cxd4 20. exd4 Qg5
21. Bf1 Qg6 22. Qe2 Nf6 23. Bd2 Ba6 24. Bf4 Rb7 25. Qf3 Rd7 26. Be5 Ng4 27. Qg3
Nxe5 28. Qxe5 Qf6 29. Rd1 Qxe5 30. dxe5 1/2-1/2

[Event "?"]
[Site "?"]
[Date "????.??.??"]
[Round "?"]
[White "Alkkiomaki, J."]
[Black "Goerden, H."]
[Result "1/2-1/2"]
[WhiteElo "2041"]
[BlackElo "1835"]
[PlyCount "87"]
[EventDate "2010.??.??"]
[WhiteTeam "Turku"]
[BlackTeam "Widukind 2"]

1. e4 e5 2. Nf3 Nc6 3. Bb5 Bc5 4. c3 Qe7 5. O-O a6 6. Ba4 b5 7. Bb3 Na5 8. Bc2
Bb6 9. a4 Bb7 10. d3 Nf6 11. axb5 axb5 12. b4 Nc6 13. Rxa8+ Bxa8 14. Na3 Na7
15. Qe2 Bc6 16. Bg5 h6 17. Bh4 O-O 18. Bb3 d6 19. Nc2 Bd7 20. h3 c5 21. Ne3 Be6
22. Bxe6 fxe6 23. Ng4 cxb4 24. cxb4 Qf7 25. Bxf6 h5 26. Bh4 hxg4 27. Ng5 Qg6
28. Qxg4 Nc6 29. Qxe6+ Qxe6 30. Nxe6 Re8 31. Ng5 Nxb4 32. Rb1 Nxd3 33. Rxb5 Bc5
34. Rb7 Nf4 35. Rd7 Ne2+ 36. Kh2 Nd4 37. Kg3 Rf8 38. f3 Ne2+ 39. Kg4 Rf4+ 40.
Kh5 Nd4 41. Re7 Bb4 42. Ne6 Nxe6 43. Rxe6 Kh7 44. Kg5 1/2-1/2